It's so good, don't even try it once: Heroin in perspective (Record no. 48421)
[ view plain ]
| 000 -LEADER | |
|---|---|
| fixed length control field | 00736nam a2200193 a 4500 |
| 008 - FIXED-LENGTH DATA ELEMENTS--GENERAL INFORMATION | |
| fixed length control field | 120416s1972 ||||||||||||||||| || u |
| 020 ## - INTERNATIONAL STANDARD BOOK NUMBER | |
| International Standard Book Number | 0135065844 |
| 050 ## - LIBRARY OF CONGRESS CALL NUMBER | |
| Classification number | HV 5822.H4 Its |
| 100 ## - MAIN ENTRY--PERSONAL NAME | |
| Personal name | Smith, David E |
| 245 10 - TITLE STATEMENT | |
| Title | It's so good, don't even try it once: Heroin in perspective |
| Statement of responsibility, etc. | edited by David E. Smith |
| 246 ## - VARYING FORM OF TITLE | |
| Title proper/short title | Heroin in perspective |
| 260 ## - PUBLICATION, DISTRIBUTION, ETC. | |
| Place of publication, distribution, etc. | Englewood Cliffs, N.J. |
| Name of publisher, distributor, etc. | FT Prentice-Hall |
| Date of publication, distribution, etc. | 1972 |
| 300 ## - PHYSICAL DESCRIPTION | |
| Extent | (8) 208p. |
| 350 ## - PRICE (NR) (BK AM CF MU VM SE) [OBSOLETE] | |
| Price | 0.00 |
| 650 ## - SUBJECT ADDED ENTRY--TOPICAL TERM | |
| Topical term or geographic name entry element | DRUG ABUSE--UNITED STATES--CONGRESSES |
| 650 ## - SUBJECT ADDED ENTRY--TOPICAL TERM | |
| Topical term or geographic name entry element | HEROIN--ADDRESSES, ESSAYS, LECTURES |
| 700 ## - ADDED ENTRY--PERSONAL NAME | |
| Personal name | Gay, George R |
| 995 ## - RECOMMENDATION 995 [LOCAL, UNIMARC FRANCE] | |
| -- | 0.00 |
| -- | CBU-MAIN LIBRARY (Kitwe) |
| -- | 1 |
| -- | 2.75 |
| -- | DAMAGED |
| -- | Main Library Open Access Collection |
| Withdrawn status | Lost status | Source of classification or shelving scheme | Damaged status | Not for loan | Home library | Current library | Shelving location | Date acquired | Total Checkouts | Full call number | Barcode | Date last seen | Price effective from | Koha item type |
|---|---|---|---|---|---|---|---|---|---|---|---|---|---|---|
| CBU-MAIN LIBRARY, KITWE. | CBU-MAIN LIBRARY, KITWE. | 11/30/2022 | HV 5822.H4 Its | 008672 | 11/30/2022 | 11/30/2022 | MONOGRAPH |